| 000 | 00418nam a2200157 i 4500 | ||
|---|---|---|---|
| 001 | bg | ||
| 100 | 1 | _aMROWIEC, A. | |
| 245 | 0 |
_aMaszynoznawstwo i technika cieplna. _nCz. 2, _pPodstawy wytrzymałości materiałów / _cA. Mrowiec, M. Mrowiec. |
|
| 250 | _aWyd. 2. | ||
| 260 |
_aKraków, _c1987. |
||
| 700 | 1 | _aMROWIEC, M. | |
| 040 | _cBPK | ||
| 041 | _apol | ||
| 942 | _cKS | ||
| 008 | s pl f |000 0 pol | ||
| 999 |
_c3687 _d3687 |
||
| 856 |
_uhttp://koha.tu.koszalin.pl/cgi-bin/koha/opac-detail.pl?biblionumber=3687 _yKatalog online BPK |
||